Score 0/40 Timer 04:00
0 Plays Today
☠ HINT ☠ ☠ WORD ☠ % Correct
☠ SIX ____ UNDER ☠☠ FEET ☠
98.4%
☠ ____ YOUR MAKER ☠☠ MEET ☠
95.7%
Liquify, like waxMELT
93.9%
____ In BootsPUSS
92.8%
☠ ____ UP DAISIES ☠☠ PUSH ☠
88.3%
Make a movieFILM
88%
☠ ____ IN PEACE ☠☠ REST ☠
87.8%
Days gone byPAST
87.2%
Dead beaver commodityPELT
87.2%
☠ ____ THE DUST ☠☠ BITE ☠
87.1%
☠ ____ THE BUCKET ☠☠ KICK ☠
87%
Prepare for travelPACK
86.8%
Miner's toolPICK
85.2%
Irritating insectPEST
85.2%
Sleeveless jacketVEST
85.1%
☠ ____ AWAY ☠☠ PASS ☠
84.9%
Rank and ____FILE
82.7%
Trickle or CheneyDICK
81.8%
Bitter secretionBILE
81.5%
ExpansiveVAST
79.9%
☠ HINT ☠ ☠ WORD ☠ % Correct
Irritating insectMITE
79.1%
24 beersCASE
77%
____ The KnifeMACK
76.2%
Jim Carrey film; The ____MASK
75.6%
Urn alternativeVASE
74.9%
Iditarod exclamationMUSH
74.7%
SilentMUTE
74%
Pub projectileDART
73.4%
☠ ____ IN YOUR CHIPS ☠☠ CASH ☠
70.6%
Securely fixedFIRM
70.5%
Nowitzki or DigglerDIRK
68.9%
Hawkeye and Radar's milieuMASH
67.8%
Inspirational oneMUSE
67.2%
Clear a room?FART
66.8%
☠ BUY THE ____☠ FARM ☠
66.3%
☠ TAKE A ____ NAP ☠☠ DIRT ☠
65.3%
Outdoor bashFEST
60.4%
'In the ____' (healthy)PINK
56.4%
'Lola' musicianKINK
54.2%
☠ GONE ____☠ WEST ☠
33.8%

Today's Daily Dose

Missing Word
I Hardly Know Her!

Word Ladder
Sentence Ending

Quick Pick
Female Firsts

Get the Picture
Triathlon Sports

Remove Ads.
Support Sporcle.
Get the best of Sporcle when you Go Orange. This ad-free experience offers more features, more stats, and more fun while also helping to support Sporcle. Thank you for becoming a member.

You're not logged in!

Compare scores with friends on all Sporcle quizzes.
OR
Log In

Show Comments

Extras

Top Quizzes Today


Score Distribution

Your Account Isn't Verified!

In order to create a playlist on Sporcle, you need to verify the email address you used during registration. Go to your Sporcle Settings to finish the process.

Report this User

Report this user for behavior that violates our Community Guidelines.

Details: